[Event "European Youth Chess Championship G16"]
[Site "Prague, Top Hotel Prague"]
[Date "2012.08.22"]
[Round "6.1"]
[White "Nicolas Zapata, Irene"]
[Black "Visanescu, Daria-Ioana"]
[Result "0-1"]
[WhiteElo "2197"]
[BlackElo "2019"]
[PlyCount "0"]
[EventDate "2012.08.17"]

1. d4 {[%clk 1:30:57]} d5 {[%clk 1:30:46]} 2. Nf3 {[%clk 1:31:19]} e6
{[%clk 1:31:06]} 3. c4 {[%clk 1:30:44]} Nf6 {[%clk 1:31:26]} 4. e3
{[%clk 1:29:43]} Be7 {[%clk 1:31:36]} 5. b3 {[%clk 1:27:52]} b6 {[%clk 1:31:49]}
6. Bb2 {[%clk 1:28:01]} Bb7 {[%clk 1:32:01]} 7. Bd3 {[%clk 1:28:10]} O-O
{[%clk 1:32:20]} 8. O-O {[%clk 1:28:32]} Nbd7 {[%clk 1:32:34]} 9. Nc3
{[%clk 1:24:18]} c5 {[%clk 1:30:49]} 10. cxd5 {[%clk 1:23:44]} exd5
{[%clk 1:30:01]} 11. Rc1 {[%clk 1:23:55]} Rc8 {[%clk 1:28:29]} 12. Qe2
{[%clk 1:24:13]} Ne4 {[%clk 1:18:56]} 13. Rfd1 {[%clk 1:18:09]} f5
{[%clk 1:07:06]} 14. Ba6 {[%clk 1:14:59]} Bxa6 {[%clk 1:04:09]} 15. Qxa6
{[%clk 1:15:05]} Ndf6 {[%clk 0:58:42]} 16. dxc5 {[%clk 1:05:47]} Bxc5
{[%clk 0:51:22]} 17. Nxd5 {[%clk 0:57:51]} Nxd5 {[%clk 0:45:17]} 18. Qb7
{[%clk 0:58:12]} Ndc3 {[%clk 0:17:58]} 19. Rxd8 {[%clk 0:50:40]} Rcxd8
{[%clk 0:18:23]} 20. Kf1 {[%clk 0:47:08]} Rf7 {[%clk 0:17:49]} 21. Qxf7+
{[%clk 0:31:05]} Kxf7 {[%clk 0:18:19]} 22. Bxc3 {[%clk 0:31:27]} Ba3
{[%clk 0:16:34]} 23. Rc2 {[%clk 0:28:24]} Rc8 {[%clk 0:08:24]} 24. Ne5+
{[%clk 0:28:41]} Ke8 {[%clk 0:08:16]} 25. Nc4 {[%clk 0:28:47]} Bf8
{[%clk 0:08:00]} 26. Bd4 {[%clk 0:25:00]} Kd8 {[%clk 0:06:42]} 27. f3
{[%clk 0:19:27]} Ng5 {[%clk 0:06:54]} 28. Rd2 {[%clk 0:19:21]} Ke7
{[%clk 0:05:00]} 29. Ke2 {[%clk 0:13:32]} Ke6 {[%clk 0:04:45]} 30. a4
{[%clk 0:11:28]} Bb4 {[%clk 0:04:15]} 31. Rd3 {[%clk 0:11:03]} g6
{[%clk 0:04:25]} 32. Bc3 {[%clk 0:10:44]} Be7 {[%clk 0:03:36]} 33. Be1
{[%clk 0:08:06]} Nf7 {[%clk 0:02:57]} 34. Rc3 {[%clk 0:05:38]} Bf6
{[%clk 0:02:41]} 35. Rc2 {[%clk 0:05:43]} Rd8 {[%clk 0:02:17]} 36. a5
{[%clk 0:03:23]} bxa5 {[%clk 0:01:41]} 37. Nxa5 {[%clk 0:02:47]} Rd5
{[%clk 0:00:51]} 38. Rc7 {[%clk 0:02:14]} a6 {[%clk 0:00:59]} 39. Nc4
{[%clk 0:02:07]} Rb5 {[%clk 0:00:47]} 40. Rc6+ {[%clk 0:31:22]} Ke7
{[%clk 0:31:04]} 41. Na5 {[%clk 0:28:55]} Be5 {[%clk 0:20:36]} 42. Rxa6
{[%clk 0:28:32]} Bd6 {[%clk 0:20:52]} 43. Nc6+ {[%clk 0:28:16]} Kd7
{[%clk 0:19:52]} 44. Nd4 {[%clk 0:27:37]} Rb7 {[%clk 0:20:06]} 45. f4
{[%clk 0:25:48]} Bc5 {[%clk 0:19:18]} 46. Ra4 {[%clk 0:19:19]} Nd6
{[%clk 0:18:01]} 47. Kd1 {[%clk 0:18:01]} Ke7 {[%clk 0:16:12]} 48. Kc2
{[%clk 0:17:15]} Rc7 {[%clk 0:15:40]} 49. Kb2 {[%clk 0:17:33]} Rb7
{[%clk 0:15:08]} 50. Ka2 {[%clk 0:16:44]} Ne4 {[%clk 0:14:31]} 51. Rc4
{[%clk 0:15:56]} Kd6 {[%clk 0:13:29]} 52. h3 {[%clk 0:15:08]} Kd5
{[%clk 0:12:42]} 53. Ra4 {[%clk 0:14:30]} Bb6 {[%clk 0:09:44]} 54. g4
{[%clk 0:12:18]} fxg4 {[%clk 0:09:12]} 55. hxg4 {[%clk 0:12:40]} Nc5
{[%clk 0:09:34]} 56. Ra8 {[%clk 0:12:29]} Nd3 {[%clk 0:09:06]} 57. Bd2
{[%clk 0:11:50]} Nxf4 {[%clk 0:08:02]} 58. exf4 {[%clk 0:09:21]} Kxd4
{[%clk 0:08:17]} 59. Ra4+ {[%clk 0:04:59]} Kd3 {[%clk 0:08:35]} 60. Bb4
{[%clk 0:04:44]} h5 {[%clk 0:03:53]} 61. gxh5 {[%clk 0:03:42]} gxh5
{[%clk 0:04:21]} 62. Be1 {[%clk 0:02:07]} Re7 {[%clk 0:03:14]} 63. Bh4
{[%clk 0:02:15]} Re4 {[%clk 0:01:56]} 64. f5 {[%clk 0:02:18]} Bd4
{[%clk 0:01:42]} 65. Bg5 {[%clk 0:01:49]} Re1 {[%clk 0:01:10]} 66. Ka3
{[%clk 0:01:37]} Bc3 {[%clk 0:01:09]} 67. b4 {[%clk 0:01:26]} Kc2
{[%clk 0:01:05]} 0-1

[Event "European Youth Chess Championship G16"]
[Site "Prague, Top Hotel Prague"]
[Date "2012.08.22"]
[Round "6.3"]
[White "Harutyunyan, Ani"]
[Black "Hincu, Olga"]
[Result "0-1"]
[WhiteElo "1835"]
[BlackElo "1931"]
[PlyCount "0"]
[EventDate "2012.08.17"]

1. d4 {[%clk 1:30:58]} d5 {[%clk 1:30:56]} 2. Nf3 {[%clk 1:31:23]} Nf6
{[%clk 1:31:24]} 3. e3 {[%clk 1:31:17]} c5 {[%clk 1:31:21]} 4. c4
{[%clk 1:27:53]} cxd4 {[%clk 1:30:36]} 5. exd4 {[%clk 1:28:05]} Nc6
{[%clk 1:30:56]} 6. Nc3 {[%clk 1:16:48]} g6 {[%clk 1:30:59]} 7. cxd5
{[%clk 1:15:44]} Nxd5 {[%clk 1:30:50]} 8. Bc4 {[%clk 1:15:52]} Nxc3
{[%clk 1:29:44]} 9. bxc3 {[%clk 1:15:54]} Bg7 {[%clk 1:29:44]} 10. O-O
{[%clk 1:13:45]} O-O {[%clk 1:29:44]} 11. Bf4 {[%clk 1:01:09]} Na5
{[%clk 1:25:16]} 12. Bb3 {[%clk 0:49:46]} b5 {[%clk 1:20:56]} 13. a4
{[%clk 0:43:54]} a6 {[%clk 1:16:44]} 14. Ba2 {[%clk 0:33:46]} Bb7
{[%clk 1:11:36]} 15. Rb1 {[%clk 0:27:28]} Be4 {[%clk 1:02:36]} 16. Rb4
{[%clk 0:21:36]} Nc6 {[%clk 1:00:19]} 17. Rb2 {[%clk 0:21:40]} Qa5
{[%clk 0:56:26]} 18. Ng5 {[%clk 0:05:29]} Qxc3 {[%clk 0:51:04]} 19. Re2
{[%clk 0:02:46]} Bf5 {[%clk 0:47:16]} 20. d5 {[%clk 0:02:39]} Nb4
{[%clk 0:44:22]} 21. Bd2 {[%clk 0:01:54]} Qc5 {[%clk 0:40:53]} 22. Ne4
{[%clk 0:01:30]} Bxe4 {[%clk 0:40:52]} 0-1

[Event "European Youth Chess Championship G16"]
[Site "Prague, Top Hotel Prague"]
[Date "2012.08.22"]
[Round "6.4"]
[White "Bivol, Alina"]
[Black "Imnadze, Nato"]
[Result "1/2-1/2"]
[WhiteElo "2142"]
[BlackElo "2030"]
[PlyCount "0"]
[EventDate "2012.08.17"]

1. e4 {[%clk 1:30:58]} g6 {[%clk 1:30:45]} 2. d4 {[%clk 1:31:19]} Bg7
{[%clk 1:31:11]} 3. Nc3 {[%clk 1:31:40]} c6 {[%clk 1:31:35]} 4. Be3
{[%clk 1:31:13]} Qb6 {[%clk 1:30:08]} 5. Rb1 {[%clk 1:20:16]} d6 {[%clk 1:29:10]}
6. h3 {[%clk 1:05:56]} Nf6 {[%clk 1:25:27]} 7. g3 {[%clk 1:05:37]} O-O
{[%clk 1:22:50]} 8. Nge2 {[%clk 1:02:18]} Qc7 {[%clk 1:19:18]} 9. Bg2
{[%clk 1:02:11]} Nbd7 {[%clk 1:19:26]} 10. O-O {[%clk 1:01:38]} e5
{[%clk 1:18:15]} 11. f4 {[%clk 0:59:14]} Re8 {[%clk 1:15:57]} 12. fxe5
{[%clk 0:57:46]} dxe5 {[%clk 1:15:21]} 13. d5 {[%clk 0:57:51]} cxd5
{[%clk 0:51:40]} 14. Nxd5 {[%clk 0:56:24]} Nxd5 {[%clk 0:47:49]} 15. exd5
{[%clk 0:56:49]} Nb6 {[%clk 0:31:46]} 16. b3 {[%clk 0:47:26]} Bf5
{[%clk 0:27:08]} 17. Rc1 {[%clk 0:47:34]} Bf8 {[%clk 0:26:47]} 18. g4
{[%clk 0:47:57]} Bd7 {[%clk 0:25:53]} 19. c4 {[%clk 0:40:50]} Bc5
{[%clk 0:21:42]} 20. Bxc5 {[%clk 0:40:04]} Qxc5+ {[%clk 0:22:10]} 21. Kh1
{[%clk 0:40:04]} Rac8 {[%clk 0:16:43]} 22. Ng3 {[%clk 0:39:28]} Qe7
{[%clk 0:15:40]} 23. Qf3 {[%clk 0:37:11]} Rf8 {[%clk 0:14:46]} 24. Qf6
{[%clk 0:36:23]} Qxf6 {[%clk 0:12:19]} 25. Rxf6 {[%clk 0:35:58]} Kg7
{[%clk 0:12:19]} 26. Rcf1 {[%clk 0:36:16]} Be8 {[%clk 0:06:58]} 27. Ne4
{[%clk 0:27:46]} Nd7 {[%clk 0:06:12]} 28. R6f2 {[%clk 0:26:20]} Nc5
{[%clk 0:05:08]} 29. Nxc5 {[%clk 0:13:55]} Rxc5 {[%clk 0:05:37]} 30. Re1
{[%clk 0:14:02]} f6 {[%clk 0:04:40]} 31. Bf1 {[%clk 0:14:04]} Bd7
{[%clk 0:02:37]} 32. b4 {[%clk 0:10:02]} Rcc8 {[%clk 0:02:55]} 33. c5
{[%clk 0:10:17]} Rfe8 {[%clk 0:02:04]} 34. Bd3 {[%clk 0:09:31]} h6
{[%clk 0:00:55]} 35. Kg2 {[%clk 0:09:17]} Red8 {[%clk 0:00:52]} 36. Be4
{[%clk 0:08:29]} Ba4 {[%clk 0:00:36]} 37. Re3 {[%clk 0:08:28]} a6
{[%clk 0:00:41]} 38. Rc3 {[%clk 0:07:35]} Rd7 {[%clk 0:00:48]} 39. a3
{[%clk 0:04:43]} Rdd8 {[%clk 0:01:01]} 40. Kg3 {[%clk 0:34:48]} Rd7
{[%clk 0:30:41]} 41. Rf1 {[%clk 0:31:48]} Rf7 {[%clk 0:30:03]} 42. Bd3
{[%clk 0:19:43]} Rd7 {[%clk 0:25:15]} 1/2-1/2

[Event "European Youth Chess Championship G16"]
[Site "Prague, Top Hotel Prague"]
[Date "2012.08.22"]
[Round "6.6"]
[White "Navrotescu, Andreea-Cristiana"]
[Black "Uzlavataya, Anhelina"]
[Result "1-0"]
[WhiteElo "2090"]
[BlackElo "1862"]
[PlyCount "0"]
[EventDate "2012.08.17"]

1. d4 {[%clk 1:30:58]} f5 {[%clk 1:30:56]} 2. g3 {[%clk 1:31:16]} g6
{[%clk 1:31:17]} 3. Bg2 {[%clk 1:31:39]} Nf6 {[%clk 1:31:42]} 4. Nf3
{[%clk 1:31:58]} Bg7 {[%clk 1:32:06]} 5. O-O {[%clk 1:32:19]} O-O
{[%clk 1:32:30]} 6. c4 {[%clk 1:32:46]} d6 {[%clk 1:32:56]} 7. Nc3
{[%clk 1:33:09]} Nc6 {[%clk 1:33:23]} 8. d5 {[%clk 1:33:27]} Ne5 {[%clk 1:33:48]}
9. Nxe5 {[%clk 1:33:45]} dxe5 {[%clk 1:34:13]} 10. e4 {[%clk 1:34:06]} f4
{[%clk 1:34:17]} 11. gxf4 {[%clk 1:34:00]} exf4 {[%clk 1:34:38]} 12. e5
{[%clk 1:34:20]} Ng4 {[%clk 1:34:53]} 13. e6 {[%clk 1:34:35]} Ne5
{[%clk 1:35:16]} 14. Re1 {[%clk 1:34:53]} g5 {[%clk 1:25:54]} 15. Qh5
{[%clk 1:26:23]} Nxc4 {[%clk 1:04:22]} 16. Qxg5 {[%clk 1:14:56]} f3
{[%clk 1:02:38]} 17. Bf1 {[%clk 1:08:02]} Rf6 {[%clk 1:02:51]} 18. Bxc4
{[%clk 0:49:31]} Rg6 {[%clk 1:03:15]} 19. Kh1 {[%clk 0:49:55]} Rxg5
{[%clk 1:03:40]} 20. Bxg5 {[%clk 0:50:18]} a6 {[%clk 0:26:57]} 21. d6
{[%clk 0:32:16]} cxd6 {[%clk 0:22:29]} 22. Nd5 {[%clk 0:32:45]} Bf8
{[%clk 0:15:35]} 23. Be3 {[%clk 0:18:44]} Bg7 {[%clk 0:09:36]} 24. Bb6
{[%clk 0:19:04]} Qf8 {[%clk 0:05:43]} 25. Nc7 {[%clk 0:16:02]} Rb8
{[%clk 0:06:08]} 26. Bd5 {[%clk 0:14:10]} Qf4 {[%clk 0:03:58]} 27. Re4
{[%clk 0:13:39]} Qd2 {[%clk 0:04:09]} 28. Rg1 {[%clk 0:13:46]} Kh8
{[%clk 0:01:49]} 29. Reg4 {[%clk 0:13:56]} Qxb2 {[%clk 0:01:51]} 30. Rxg7
{[%clk 0:12:43]} 1-0

[Event "European Youth Chess Championship G16"]
[Site "Prague, Top Hotel Prague"]
[Date "2012.08.22"]
[Round "6.7"]
[White "Zavgorodniaya, Alena"]
[Black "Blagojevic, Tijana"]
[Result "1/2-1/2"]
[WhiteElo "1910"]
[BlackElo "2004"]
[PlyCount "0"]
[EventDate "2012.08.17"]

1. e4 {[%clk 1:30:51]} e5 {[%clk 1:30:54]} 2. Nf3 {[%clk 1:31:16]} Nc6
{[%clk 1:31:19]} 3. Bc4 {[%clk 1:31:39]} Bc5 {[%clk 1:31:43]} 4. c3
{[%clk 1:32:04]} Nf6 {[%clk 1:32:09]} 5. d3 {[%clk 1:32:29]} O-O {[%clk 1:32:27]}
6. Nbd2 {[%clk 1:32:27]} d5 {[%clk 1:32:48]} 7. Bb3 {[%clk 1:32:29]} a6
{[%clk 1:23:03]} 8. Qe2 {[%clk 1:29:53]} Ba7 {[%clk 1:18:13]} 9. h3
{[%clk 1:28:04]} dxe4 {[%clk 1:14:55]} 10. dxe4 {[%clk 1:28:09]} Qe7
{[%clk 1:14:43]} 11. Nf1 {[%clk 1:25:14]} Be6 {[%clk 1:12:51]} 12. Ng3
{[%clk 1:24:23]} Rad8 {[%clk 1:12:06]} 13. O-O {[%clk 1:19:56]} Bxb3
{[%clk 1:07:27]} 14. axb3 {[%clk 1:20:16]} Qd6 {[%clk 1:01:31]} 15. Bg5
{[%clk 1:11:27]} h6 {[%clk 0:57:47]} 16. Nf5 {[%clk 1:08:17]} Qe6
{[%clk 0:58:12]} 17. Bxf6 {[%clk 1:01:33]} Qxf6 {[%clk 0:58:35]} 18. b4
{[%clk 0:59:53]} Kh7 {[%clk 0:40:59]} 19. Nh2 {[%clk 0:55:17]} g6
{[%clk 0:33:56]} 20. Nxh6 {[%clk 0:41:24]} Qf4 {[%clk 0:33:55]} 21. N6g4
{[%clk 0:39:20]} Rd2 {[%clk 0:34:11]} 22. Qe1 {[%clk 0:34:16]} f5
{[%clk 0:31:43]} 23. Ne3 {[%clk 0:25:43]} Rxf2 {[%clk 0:31:55]} 24. Rxf2
{[%clk 0:24:44]} Bxe3 {[%clk 0:32:21]} 25. exf5 {[%clk 0:18:30]} gxf5 26. Rd1
{[%clk 0:17:59]} Rf7 {[%clk 0:31:53]} 27. Nf1 {[%clk 0:14:39]} Ba7
{[%clk 0:30:07]} 28. Qe2 {[%clk 0:13:53]} e4 {[%clk 0:28:00]} 29. Re1
{[%clk 0:05:32]} Bxf2+ {[%clk 0:28:12]} 30. Qxf2 {[%clk 0:05:59]} Qxf2+
{[%clk 0:27:11]} 31. Kxf2 {[%clk 0:06:27]} Ne5 {[%clk 0:26:02]} 32. Re2
{[%clk 0:06:17]} Kg6 {[%clk 0:24:53]} 33. Nd2 {[%clk 0:01:28]} Rd7
{[%clk 0:19:17]} 34. Nb3 b6 {[%clk 0:18:50]} 35. Nd4 {[%clk 0:00:42]} c5
{[%clk 0:19:02]} 36. bxc5 {[%clk 0:01:10]} bxc5 {[%clk 0:19:28]} 37. Nb3
{[%clk 0:01:19]} c4 {[%clk 0:19:34]} 38. Nd4 {[%clk 0:00:55]} Rb7
{[%clk 0:19:49]} 39. g4 {[%clk 0:31:09]} Nd3+ {[%clk 0:42:03]} 40. Ke3
{[%clk 0:31:37]} fxg4 {[%clk 0:40:29]} 41. Rg2 {[%clk 0:27:21]} Nxb2
{[%clk 0:33:56]} 42. Rxg4+ {[%clk 0:24:48]} Kf6 {[%clk 0:31:47]} 43. Rxe4
{[%clk 0:22:02]} a5 {[%clk 0:32:00]} 44. Re6+ {[%clk 0:20:26]} Kf7
{[%clk 0:31:48]} 45. Ra6 {[%clk 0:19:44]} a4 {[%clk 0:29:31]} 46. h4
{[%clk 0:16:27]} Kg8 {[%clk 0:26:52]} 47. Nf5 {[%clk 0:11:57]} Rd7
{[%clk 0:24:38]} 48. Kf4 {[%clk 0:09:21]} Kh7 {[%clk 0:17:53]} 49. Kg5
{[%clk 0:08:24]} Rc7 {[%clk 0:17:37]} 50. Ne3 {[%clk 0:06:01]} Rg7+
{[%clk 0:14:32]} 51. Kh5 {[%clk 0:05:52]} Rc7 {[%clk 0:14:41]} 52. Kg5
{[%clk 0:04:13]} Rg7+ {[%clk 0:15:00]} 53. Kf5 {[%clk 0:03:49]} Rf7+
{[%clk 0:15:19]} 54. Ke6 {[%clk 0:03:41]} Rg7 {[%clk 0:14:40]} 55. h5
{[%clk 0:03:17]} Rg5 {[%clk 0:14:27]} 56. Nf5 {[%clk 0:02:44]} Rxh5
{[%clk 0:10:32]} 57. Ra7+ {[%clk 0:03:09]} Kg8 {[%clk 0:10:51]} 58. Kf6
{[%clk 0:03:16]} Rh1 {[%clk 0:10:58]} 59. Ne7+ {[%clk 0:02:08]} Kh7
{[%clk 0:09:53]} 60. Nf5+ {[%clk 0:01:03]} Kh8 {[%clk 0:09:41]} 61. Ra8+
{[%clk 0:00:55]} Kh7 {[%clk 0:10:05]} 62. Ra7+ {[%clk 0:01:22]} Kh8
{[%clk 0:10:33]} 63. Ra8+ {[%clk 0:00:46]} Kg8 64. Ra7 Kh8 1/2-1/2

[Event "European Youth Chess Championship G16"]
[Site "Prague, Top Hotel Prague"]
[Date "2012.08.22"]
[Round "6.8"]
[White "Papathanasiou, Elisavet"]
[Black "Vanagaite, Giedre"]
[Result "1-0"]
[WhiteElo "1896"]
[BlackElo "1996"]
[PlyCount "0"]
[EventDate "2012.08.17"]

1. d4 {[%clk 1:30:57]} d5 {[%clk 1:30:41]} 2. c4 {[%clk 1:31:18]} c6
{[%clk 1:30:51]} 3. Nf3 {[%clk 1:31:38]} Nf6 {[%clk 1:30:50]} 4. e3
{[%clk 1:31:57]} e6 {[%clk 1:30:38]} 5. Nbd2 {[%clk 1:32:11]} Nbd7
{[%clk 1:30:35]} 6. Bd3 {[%clk 1:32:32]} Bd6 {[%clk 1:29:36]} 7. e4
{[%clk 1:32:52]} dxe4 {[%clk 1:25:40]} 8. Nxe4 {[%clk 1:32:27]} Nxe4
{[%clk 1:24:09]} 9. Bxe4 {[%clk 1:32:51]} Bb4+ {[%clk 1:19:04]} 10. Kf1
{[%clk 1:30:32]} Nf6 {[%clk 1:15:04]} 11. Bc2 {[%clk 1:30:25]} O-O
{[%clk 1:14:23]} 12. Qd3 {[%clk 1:28:00]} Be7 {[%clk 1:07:34]} 13. Bg5
{[%clk 1:19:42]} g6 {[%clk 1:07:45]} 14. h4 {[%clk 1:19:41]} Ng4 {[%clk 0:46:43]}
15. Re1 {[%clk 1:08:52]} Re8 {[%clk 0:41:27]} 16. Bxe7 {[%clk 1:03:46]} Qxe7
{[%clk 0:39:57]} 17. h5 {[%clk 1:03:30]} Qf6 {[%clk 0:23:19]} 18. Re4
{[%clk 0:42:55]} e5 {[%clk 0:21:06]} 19. dxe5 {[%clk 0:43:07]} Nxe5
{[%clk 0:20:06]} 20. Nxe5 {[%clk 0:20:27]} Bf5 {[%clk 0:16:51]} 21. Nd7
{[%clk 0:10:03]} Qg7 {[%clk 0:07:16]} 22. Rxe8+ {[%clk 0:09:50]} Rxe8
{[%clk 0:07:39]} 23. Qd6 {[%clk 0:05:47]} Be6 {[%clk 0:02:28]} 24. Nc5
{[%clk 0:03:08]} Bxc4+ {[%clk 0:02:06]} 25. Kg1 {[%clk 0:02:05]} Qxb2
{[%clk 0:02:02]} 26. Bb3 {[%clk 0:01:30]} Bxb3 {[%clk 0:01:35]} 27. axb3
{[%clk 0:01:41]} Qa1+ {[%clk 0:01:38]} 28. Kh2 {[%clk 0:01:58]} Qe5+
{[%clk 0:01:07]} 29. Qxe5 {[%clk 0:02:19]} Rxe5 {[%clk 0:01:33]} 30. Nxb7
{[%clk 0:02:23]} Rxh5+ {[%clk 0:01:54]} 31. Kg1 {[%clk 0:02:41]} Rb5
{[%clk 0:01:53]} 32. Nd8 {[%clk 0:02:27]} Rxb3 {[%clk 0:01:34]} 33. Nxc6
{[%clk 0:02:46]} Ra3 {[%clk 0:01:41]} 34. Kh2 {[%clk 0:02:01]} Ra2
{[%clk 0:01:53]} 35. Kg3 {[%clk 0:02:12]} a5 {[%clk 0:01:53]} 36. Rb1
{[%clk 0:01:46]} f5 {[%clk 0:01:55]} 37. Nd4 {[%clk 0:01:09]} h6 {[%clk 0:01:15]}
38. Rb6 {[%clk 0:00:57]} Kf7 {[%clk 0:01:26]} 39. f3 {[%clk 0:00:54]} a4
{[%clk 0:01:23]} 40. Ra6 {[%clk 0:30:47]} Ra1 {[%clk 0:30:39]} 41. Nb3
{[%clk 0:22:41]} Ra2 {[%clk 0:30:37]} 42. Nc5 {[%clk 0:22:15]} f4+
{[%clk 0:30:10]} 43. Kh2 {[%clk 0:20:33]} a3 {[%clk 0:30:27]} 44. Nd3
{[%clk 0:20:48]} g5 {[%clk 0:30:43]} 45. Rxh6 {[%clk 0:19:24]} Rd2
{[%clk 0:31:06]} 46. Ne5+ {[%clk 0:15:57]} Kg7 {[%clk 0:30:55]} 47. Ra6
{[%clk 0:15:39]} Re2 {[%clk 0:31:08]} 48. Nc4 {[%clk 0:10:44]} a2
{[%clk 0:31:32]} 49. Kh3 {[%clk 0:08:19]} Rf2 {[%clk 0:31:34]} 50. Ne5
{[%clk 0:08:13]} Rd2 {[%clk 0:31:24]} 51. Kh2 {[%clk 0:06:48]} Kh7
{[%clk 0:31:31]} 52. Nc6 {[%clk 0:04:23]} Rb2 {[%clk 0:26:15]} 53. Kh3
{[%clk 0:04:00]} Kh6 {[%clk 0:22:55]} 54. Ne5+ {[%clk 0:02:11]} Kg7
{[%clk 0:22:02]} 55. Nc4 {[%clk 0:02:24]} Rc2 {[%clk 0:21:24]} 56. Nd6
{[%clk 0:01:59]} Kg6 {[%clk 0:17:37]} 57. Ne4+ {[%clk 0:02:17]} Kf5
{[%clk 0:16:47]} 58. Ra5+ {[%clk 0:02:30]} Ke6 {[%clk 0:16:53]} 59. Nxg5+
{[%clk 0:02:47]} Kd6 {[%clk 0:17:11]} 60. Ne4+ {[%clk 0:02:49]} Kc6
{[%clk 0:17:29]} 61. Kg4 {[%clk 0:01:24]} Rxg2+ {[%clk 0:17:50]} 62. Kxf4
{[%clk 0:01:51]} Kb6 {[%clk 0:18:14]} 63. Ra8 {[%clk 0:02:03]} Rc2
{[%clk 0:18:11]} 64. Ke3 {[%clk 0:02:11]} Kc6 {[%clk 0:16:10]} 65. Kd4
{[%clk 0:01:22]} Kd7 {[%clk 0:15:55]} 66. Nc3 {[%clk 0:01:13]} Rc1
{[%clk 0:15:58]} 67. Rxa2 {[%clk 0:01:19]} Rf1 {[%clk 0:16:21]} 68. Ke3
{[%clk 0:01:24]} Ke6 {[%clk 0:16:41]} 69. Ra6+ {[%clk 0:01:42]} Kf5
{[%clk 0:16:52]} 70. Ra5+ {[%clk 0:02:09]} Ke6 {[%clk 0:17:05]} 71. Kf4
{[%clk 0:02:19]} Kf6 {[%clk 0:17:19]} 72. Ra6+ {[%clk 0:02:44]} Kf7
{[%clk 0:17:43]} 73. Ne4 {[%clk 0:03:10]} Ke7 {[%clk 0:17:56]} 74. Ng5
{[%clk 0:03:19]} Rf2 {[%clk 0:18:02]} 75. Kf5 {[%clk 0:03:40]} Rf1
{[%clk 0:18:23]} 76. f4 {[%clk 0:03:54]} Kf8 {[%clk 0:18:42]} 77. Ra7
{[%clk 0:04:16]} Rf2 {[%clk 0:19:06]} 78. Ne6+ {[%clk 0:04:37]} Ke8
{[%clk 0:19:28]} 79. Kf6 {[%clk 0:04:25]} 1-0

[Event "European Youth Chess Championship G16"]
[Site "Prague, Top Hotel Prague"]
[Date "2012.08.22"]
[Round "6.9"]
[White "Bellaiche, Elise"]
[Black "Shakhmurzova, Fatima"]
[Result "1-0"]
[WhiteElo "1992"]
[BlackElo "1905"]
[PlyCount "0"]
[EventDate "2012.08.17"]

1. e4 {[%clk 1:30:59]} e6 {[%clk 1:30:40]} 2. d4 {[%clk 1:30:39]} d5
{[%clk 1:31:05]} 3. Nc3 {[%clk 1:29:28]} Bb4 {[%clk 1:31:12]} 4. e5
{[%clk 1:27:54]} Ne7 {[%clk 1:31:32]} 5. a3 {[%clk 1:23:29]} Bxc3+
{[%clk 1:31:45]} 6. bxc3 {[%clk 1:23:50]} c5 {[%clk 1:31:59]} 7. Nf3
{[%clk 1:16:32]} h6 {[%clk 1:30:57]} 8. Be2 {[%clk 1:14:36]} b6 {[%clk 1:29:47]}
9. O-O {[%clk 1:10:53]} Ba6 {[%clk 1:27:55]} 10. Be3 {[%clk 1:06:45]} Bxe2
{[%clk 1:26:38]} 11. Qxe2 {[%clk 1:07:07]} Nd7 {[%clk 1:19:51]} 12. Nh4
{[%clk 0:59:54]} g5 {[%clk 1:06:21]} 13. Nf3 {[%clk 0:59:28]} c4 {[%clk 1:06:19]}
14. a4 {[%clk 0:51:41]} a6 {[%clk 1:01:22]} 15. h3 {[%clk 0:42:32]} Qc7
{[%clk 0:58:34]} 16. Nh2 {[%clk 0:42:28]} Nf5 {[%clk 0:54:01]} 17. Bc1
{[%clk 0:39:35]} O-O-O {[%clk 0:50:53]} 18. Ng4 {[%clk 0:37:56]} h5
{[%clk 0:44:38]} 19. Ne3 {[%clk 0:35:27]} Nh4 {[%clk 0:38:18]} 20. Nxd5
{[%clk 0:23:21]} exd5 {[%clk 0:37:16]} 21. Bxg5 {[%clk 0:23:41]} Nxg2
{[%clk 0:26:45]} 22. Bxd8 {[%clk 0:15:52]} Nf4 {[%clk 0:24:50]} 23. Qf3
{[%clk 0:15:15]} Nxh3+ {[%clk 0:23:56]} 24. Qxh3 {[%clk 0:15:33]} Qxd8
{[%clk 0:24:07]} 25. Kh2 {[%clk 0:14:57]} Qf8 {[%clk 0:13:13]} 26. Rg1
{[%clk 0:13:17]} Qh6 {[%clk 0:12:57]} 27. Qe3 {[%clk 0:11:02]} Qh7
{[%clk 0:12:19]} 28. Rg2 {[%clk 0:10:17]} Qxc2 {[%clk 0:09:04]} 29. f4
{[%clk 0:09:45]} Qf5 {[%clk 0:08:22]} 30. Rag1 {[%clk 0:07:45]} Rh6
{[%clk 0:08:03]} 31. Rg5 {[%clk 0:06:20]} Qc2+ {[%clk 0:07:42]} 32. R1g2
{[%clk 0:06:45]} Qxa4 {[%clk 0:07:23]} 33. Rg7 {[%clk 0:06:48]} Nf8
{[%clk 0:04:56]} 34. Rxf7 {[%clk 0:06:03]} Qe8 {[%clk 0:04:55]} 35. Rfg7
{[%clk 0:03:43]} Qd8 {[%clk 0:03:51]} 36. Qh3+ {[%clk 0:03:15]} Kb8
{[%clk 0:04:05]} 37. f5 {[%clk 0:02:45]} Rh8 {[%clk 0:03:09]} 38. e6
{[%clk 0:01:39]} h4 {[%clk 0:01:47]} 39. e7 {[%clk 0:01:21]} Qd6+
{[%clk 0:01:45]} 40. Kg1 {[%clk 0:31:17]} Qf4 {[%clk 0:31:42]} 41. e8=Q#
{[%clk 0:31:35]} 1-0

[Event "European Youth Chess Championship G16"]
[Site "Prague, Top Hotel Prague"]
[Date "2012.08.22"]
[Round "6.10"]
[White "Cemhan, Kardelen"]
[Black "Marikova, Jana"]
[Result "0-1"]
[WhiteElo "1938"]
[BlackElo "1887"]
[PlyCount "0"]
[EventDate "2012.08.17"]

1. e4 {[%clk 1:30:56]} c5 {[%clk 1:30:58]} 2. Nf3 {[%clk 1:31:19]} Nc6
{[%clk 1:31:25]} 3. d4 {[%clk 1:31:42]} cxd4 {[%clk 1:31:51]} 4. Nxd4
{[%clk 1:32:06]} e5 {[%clk 1:32:18]} 5. Nb5 {[%clk 1:32:16]} a6 {[%clk 1:32:38]}
6. Nd6+ {[%clk 1:32:04]} Bxd6 {[%clk 1:33:03]} 7. Qxd6 {[%clk 1:32:28]} Qf6
{[%clk 1:33:28]} 8. Qd1 {[%clk 1:30:08]} Qg6 {[%clk 1:33:52]} 9. Nc3
{[%clk 1:26:55]} Nge7 {[%clk 1:34:19]} 10. g3 {[%clk 1:20:26]} d5
{[%clk 1:29:00]} 11. Bg2 {[%clk 1:15:19]} d4 {[%clk 1:24:55]} 12. Ne2
{[%clk 1:15:18]} f5 {[%clk 1:21:55]} 13. c3 {[%clk 1:11:35]} fxe4
{[%clk 1:16:42]} 14. cxd4 {[%clk 1:10:54]} O-O {[%clk 1:05:22]} 15. O-O
{[%clk 1:05:58]} Bg4 {[%clk 0:57:04]} 16. dxe5 {[%clk 1:02:36]} Nxe5
{[%clk 0:54:27]} 17. Qb3+ {[%clk 0:58:54]} Kh8 {[%clk 0:53:39]} 18. Nf4
{[%clk 0:56:12]} Qf5 {[%clk 0:50:03]} 19. Qxb7 {[%clk 0:50:58]} N7c6
{[%clk 0:48:49]} 20. Re1 {[%clk 0:44:09]} Rab8 {[%clk 0:40:29]} 21. Qxa6
{[%clk 0:40:45]} Nb4 {[%clk 0:37:37]} 22. Qa4 {[%clk 0:32:13]} Nf3+
{[%clk 0:35:50]} 23. Bxf3 {[%clk 0:32:36]} Bxf3 {[%clk 0:35:43]} 24. h4
{[%clk 0:32:20]} Nd3 {[%clk 0:33:48]} 25. Rxe4 {[%clk 0:24:49]} Bxe4
{[%clk 0:33:02]} 0-1